BIBLIOTECA

SENCICO

Designing the 21st Century : Design des 21. Jahrhunderts Le design du 21° sciècle (Registro nro. 757)

Detalles MARC
000 -LEADER
fixed length control field 00551nam a2200229Ia 4500
005 - DATE AND TIME OF LATEST TRANSACTION
control field 20251020182448.0
008 - FIXED-LENGTH DATA ELEMENTS--GENERAL INFORMATION
fixed length control field 200515s9999 xx 000 0 und d
020 ## - INTERNATIONAL STANDARD BOOK NUMBER
International Standard Book Number 3-8228-5883-8
082 ## - DEWEY DECIMAL CLASSIFICATION NUMBER
Classification number 608.7:306/F49
100 ## - MAIN ENTRY--PERSONAL NAME
Personal name TASCHEN
245 #0 - TITLE STATEMENT
Title Designing the 21st Century : Design des 21. Jahrhunderts Le design du 21° sciècle
260 ## - PUBLICATION, DISTRIBUTION, ETC.
Place of publication, distribution, etc. Colonia
260 ## - PUBLICATION, DISTRIBUTION, ETC.
Name of publisher, distributor, etc. TASCHEN
260 ## - PUBLICATION, DISTRIBUTION, ETC.
Date of publication, distribution, etc. 2001
300 ## - PHYSICAL DESCRIPTION
Extent 576
300 ## - PHYSICAL DESCRIPTION
Other physical details il., tbl.
500 ## - GENERAL NOTE
General note 1 ejemplar
650 ## - SUBJECT ADDED ENTRY--TOPICAL TERM
Topical term or geographic name entry element DISEÑO
650 ## - SUBJECT ADDED ENTRY--TOPICAL TERM
Topical term or geographic name entry element SIGLO XXI
942 ## - ADDED ENTRY ELEMENTS (KOHA)
Koha item type Libros
Existencias
Fecha de la última vez que lo usaron Pago total Signatura topográfica completa Código de barras Precio efectivo desde Tipo de documento Estado perdido Estado dañado No es para préstamo Retirado Ubicación permanente Ubicación actual Fecha de adquisición
15/05/2020   608.7:306/F49 Bib-Lima15050757 15/05/2020 Libros         Biblioteca Central Lima Biblioteca Central Lima 15/05/2020